|
|
|
|
| LEADER |
00954nam a2200193 i 4500 |
| 003 |
GR-PaULI |
| 005 |
20220412122145.0 |
| 008 |
220412b gr g v 000 0 gre d |
| 952 |
|
|
|0 0
|1 0
|2 ddc
|3 τ.2
|4 0
|6 341_093000000000000_7_ΘΕΟ
|7 1
|9 359138
|a LISP
|b LISP
|c DON
|d 2022-04-12
|e ΨΥΧ
|i 256485
|l 0
|o 341.093 7 ΘΕΟ
|p 025000291883
|r 2022-04-12 00:00:00
|t 1
|w 2022-04-12
|y BKN
|
| 999 |
|
|
|c 209904
|d 209904
|
| 040 |
|
|
|a GR-PaULI
|b gre
|c GR-PaULI
|e AACR2
|
| 082 |
0 |
4 |
|a 341.093 7
|2 23
|
| 100 |
1 |
|
|9 191378
|a Θεοφανόπουλος, Δημήτριος
|e συγγραφέας.
|
| 245 |
1 |
0 |
|a Σύστημα Ρωμαϊκού δικαίου /
|c κατά τας παραδόσεις του Δημητρίου Θεοφανόπουλου.
|
| 260 |
|
|
|a Εν Αθήναις :
|b Βιβλιοπωλείον Μιχαήλ Σαλιβέρου,
|c [χ.χ.].
|
| 300 |
|
|
|a 3 τ. ;
|c 21 εκ.
|
| 650 |
|
4 |
|9 17557
|a Εμπράγματο δίκαιο
|
| 942 |
|
|
|2 ddc
|c BK
|
| 998 |
|
|
|c Σαλαμούρα
|d 2022-04
|